| 000 | 01184nam a2200289Ia 4500 | ||
|---|---|---|---|
| 999 |
_c5834 _d5834 |
||
| 003 | OSt | ||
| 005 | 20200610130721.0 | ||
| 008 | 191128s2012 sp gr 000 0 spa d | ||
| 020 | _a9788496453692 | ||
| 040 |
_aCO-JMCR _cCO-JMCR |
||
| 041 | 1 |
_aspa _hfr |
|
| 082 | 0 | 4 |
_a330.122 / _bM684a _223 |
| 100 | 1 |
_aMoulier Boutang, Yann, _eautor _95390 |
|
| 245 | 1 | 3 |
_aLa abeja y el economista / _cYann Moulier Boutang ; traducción Marisa Pérez Colina y Samuel Simón Pulido |
| 250 | _aPrimera edición | ||
| 260 |
_aMadrid : _bTraficantes de sueños, _c2012 |
||
| 300 |
_a254 páginas ; _c20 cm. |
||
| 490 | 0 |
_aMapas ; _v31 |
|
| 505 | _aLa fábula de la abeja y el economista -- Una pequeña historia de las finanzas -- Una pequeña historia de la crisis -- Polinización, cepitalismo cognitivo y nueva economía de producción -- ¿Estamos saliendo del capitalismo? | ||
| 534 | _pL'Abeille et l'economiste | ||
| 546 | _aTraducido del francés | ||
| 650 | 1 | 4 |
_aFinanzas _xCrisis económica _95391 |
| 650 | 2 | 4 |
_aCapitalismo _xCrisis financiera _95392 |
| 700 | 1 |
_aPérez Colina, Marisa, _etraductora _95393 |
|
| 700 | 1 |
_aPulido, Samuel Simón, _etraductor _95394 |
|
| 942 |
_2ddc _cBK |
||